000 00647nam a2200241Ia 4500
003 OSt
005 20220918204114.0
006 a|||||r|||| 00| 0
007 ta
008 220917b |||||||| |||| 00| 0 eng d
024 _a111,029
037 _cTextual
040 _aARTS
_cARTS
_beng
041 _2eng
_aeng
082 _aV495:19(zJ).N53, M1
100 _aThimayya K S
_9110751
245 0 _aExperiment in neutrality
260 _aNew Delhi
_bVision Books
_c1981
300 _avi, 222p. illus maps
_ccm.
650 _aHISTORY
942 _hV495:19(zJ).N53, M1
_cTEXL
_2CC
999 _c234378
_d234378